[Event "AUTO-OPEN-3192"]
[Site "http://www.queenalice.com/game.php?id=1257992"]
[Date "2014.2.19"]
[Round "1"]
[White "hversatil"]
[Black "ac2012"]
[Result "0-1"]
[WhiteElo "1606"]
[BlackElo "1802"]

1. e4 e5 2. Nf3 d6 3. Bc4 h6 4. O-O Be7 5. d3 f5 6. exf5 Bxf5 7. Nc3 Nf6 8. a4
c6 9. b4 Nbd7 10. b5 d5 11. bxc6 dxc4 12. cxd7+ Qxd7 13. Nxe5 Qc7 14. Qe2 cxd3
15. cxd3 Qxc3 16. Bb2 Qb3 17. h3 O-O 18. Nf3 Bxd3 19. Qxe7 Bxf1 20. Kxf1 Qxb2
21. Qe6+ Kh8 22. Re1 Rae8 23. Qd6 Rxe1+ 24. Nxe1 Nd7 25. Qxd7 Qxf2# 0-1

[Event "AUTO-OPEN-3192"]
[Site "http://www.queenalice.com/game.php?id=1258019"]
[Date "2014.2.19"]
[Round "1"]
[White "clovis"]
[Black "hversatil"]
[Result "1-0"]
[WhiteElo "1961"]
[BlackElo "1527"]

1. e4 e5 2. Bc4 Nf6 3. Nc3 Bc5 4. Nf3 Ng4 5. O-O Nxf2 6. Rxf2 Bxf2+ 7. Kxf2 Qf6
8. Nd5 Qc6 9. Nxe5 Qc5+ 10. d4 Qd6 11. Nxc7+ Qxc7 12. Bxf7+ Ke7 13. Bg5+ Kf8 14.
Qf3 Qxc2+ 15. Kg1 Qxb2 16. Be6+ Ke8 17. Qf7# 1-0

[Event "AUTO-OPEN-3192"]
[Site "http://www.queenalice.com/game.php?id=1258020"]
[Date "2014.2.19"]
[Round "1"]
[White "hversatil"]
[Black "clovis"]
[Result "0-1"]
[WhiteElo "1588"]
[BlackElo "1986"]

1. e4 e5 2. Nf3 Nc6 3. Bc4 Nf6 4. Ng5 d5 5. exd5 Na5 6. d3 h6 7. Ne4 Nxe4 8.
dxe4 Nxc4 9. b3 Nd6 10. Qe2 Be7 11. O-O O-O 12. Nc3 f5 13. exf5 Nxf5 14. Qxe5
Bf6 15. Qe1 Nd4 16. Be3 Nxc2 17. Qb1 Nxa1 18. Qxa1 Qd6 19. Qb2 Qe5 20. a4 Qxc3
21. Qxc3 Bxc3 22. Bc5 Rd8 23. Rd1 Be5 24. b4 Be6 25. Re1 Rxd5 26. f4 Bd4+ 27.
Bxd4 Rxd4 28. Rxe6 Rxb4 29. Re7 Rd8 30. Rxc7 Rb2 31. Rc1 Rdd2 32. Rc8+ Kh7 33.
Rc1 Rxg2+ 34. Kf1 Rxh2 35. Kg1 Rbg2+ 36. Kf1 h5 37. Rc7 Ra2 38. Kg1 Rhc2 39.
Rxc2 Rxc2 40. Kf1 h4 41. f5 h3 42. Kg1 h2+ 43. Kh1 Kh6 44. a5 Kg5 45. f6 Kh4 46.
fxg7 Kh3 47. g8=Q Rc1+ 48. Qg1 Rxg1# 0-1

[Event "AUTO-OPEN-3192"]
[Site "http://www.queenalice.com/game.php?id=1258037"]
[Date "2014.2.19"]
[Round "1"]
[White "Gosiulkaa"]
[Black "hversatil"]
[Result "1-0"]
[WhiteElo "1965"]
[BlackElo "1566"]

1. e4 e5 2. Nf3 Nc6 3. Bc4 h6 4. Nc3 Nf6 5. d4 exd4 6. Nxd4 Nxd4 7. Qxd4 c5 8.
Qe5+ Be7 9. Nd5 d6 10. Nxf6+ gxf6 11. Qh5 Kd7 12. Qxf7 Rf8 13. Qh5 Qa5+ 14. Bd2
Qa4 15. Bb3 Qxe4+ 16. Be3 Rh8 17. O-O-O Qxg2 18. Bxc5 b6 19. Be3 Ba6 20. Bd5 Qg7
21. Bxa8 Rxa8 22. Bxh6 Qg2 23. Qd5 Qxf2 24. Qxa8 b5 25. Qxa7+ Ke6 26. Qxf2 Bb7
27. Rhe1+ Kd7 28. Qf5+ Kc6 29. Rxe7 d5 30. Qxd5+ Kb6 31. Be3+ Ka6 32. Rxb7 Ka5
33. Qxb5# 1-0

[Event "AUTO-OPEN-3192"]
[Site "http://www.queenalice.com/game.php?id=1258038"]
[Date "2014.2.19"]
[Round "1"]
[White "hversatil"]
[Black "Gosiulkaa"]
[Result "0-1"]
[WhiteElo "1568"]
[BlackElo "1963"]

1. e4 e5 2. Nf3 Nc6 3. Bc4 Bc5 4. d3 Nf6 5. Ng5 O-O 6. Nxf7 Rxf7 7. Bxf7+ Kxf7
8. Bg5 h6 9. Bxf6 Qxf6 10. O-O d6 11. Qf3 Qxf3 12. gxf3 Bh3 13. Re1 Nd4 14. c3
Nxf3+ 15. Kh1 Bxf2 16. Re2 Bh4 17. Re3 Bg4 18. Na3 Rf8 19. Rf1 Ke6 20. Nb5 Kd7
21. Nxa7 Ra8 22. Nb5 Rxa2 23. Re2 Ng5 24. Rc2 Ra8 25. d4 Bf3+ 26. Kg1 Bxe4 27.
Re2 d5 28. dxe5 Nf3+ 29. Rxf3 Bxf3 30. Re3 Ra1+ 31. Re1 Rxe1# 0-1

[Event "AUTO-BEG-589"]
[Site "http://www.queenalice.com/game.php?id=1259943"]
[Date "2014.2.25"]
[Round "2"]
[White "hversatil"]
[Black "ksal"]
[Result "0-1"]
[WhiteElo "1502"]
[BlackElo "1726"]

1. e4 e5 2. Nf3 Nc6 3. Bc4 Bc5 4. d3 d6 5. Ng5 Be6 6. Bxe6 fxe6 7. Nxe6 Qe7 8.
Qh5+ g6 9. Ng5 gxh5 10. O-O Nd4 11. c3 Ne2+ 12. Kh1 Nxc1 13. Rxc1 Qxg5 14. Kg1
Qxc1# 0-1

[Event "AUTO-BEG-589"]
[Site "http://www.queenalice.com/game.php?id=1259944"]
[Date "2014.2.25"]
[Round "2"]
[White "ksal"]
[Black "hversatil"]
[Result "1-0"]
[WhiteElo "1713"]
[BlackElo "1621"]

1. e4 e5 2. Nf3 Nc6 3. Bb5 a6 4. Bxc6 dxc6 5. Nxe5 f6 6. Nc4 b5 7. Ne3 Bc5 8.
O-O Bxe3 9. dxe3 Qxd1 10. Rxd1 Bg4 11. f3 Be6 12. f4 f5 13. Nc3 Bc4 14. b3 Bf7
15. exf5 Nf6 16. Ba3 Bh5 17. Rf1 Ng4 18. h3 Nxe3 19. Rfe1 Rd8 20. Rxe3+ Kd7 21.
Rd3+ Kc8 22. Rxd8+ Rxd8 23. g4 Be8 24. g5 g6 25. fxg6 hxg6 26. Be7 Rd2 27. Ne4
Rxc2 28. Re1 Rxa2 29. Nf6 Rb2 30. Nxe8 Rxb3 31. Rc1 Rxh3 32. Rxc6 Kb7 33. Rxc7+
Kb6 34. Bc5+ Ka5 35. Rg7 Rg3+ 36. Kh2 Rf3 37. Rxg6 Rxf4 38. Kg3 Rf5 39. Nd6 Rxc5
40. Nb7+ Kb4 41. Rxa6 Rxg5+ 42. Kf4 1-0

[Event "AUTO-BEG-589"]
[Site "http://www.queenalice.com/game.php?id=1259945"]
[Date "2014.2.25"]
[Round "2"]
[White "hversatil"]
[Black "YUDAO"]
[Result "0-1"]
[WhiteElo "1592"]
[BlackElo "1803"]

1. e4 e5 2. Nf3 Nc6 3. Bc4 h6 4. O-O Nf6 5. Nc3 Bb4 6. Nb5 O-O 7. d3 a6 8. Na3
b5 9. Bd5 Bb7 10. Bxc6 Bxc6 11. Nb1 Qe7 12. a3 Bc5 13. b4 Bb6 14. Nc3 d5 15.
exd5 Nxd5 16. Nxd5 Bxd5 17. Qe1 e4 18. dxe4 Bxe4 19. Nd2 f5 20. c4 c6 21. cxb5
cxb5 22. Nxe4 fxe4 23. g3 Rae8 24. Bb2 e3 25. fxe3 Bxe3+ 26. Kg2 h5 27. Rxf8+
Qxf8 28. Bc1 Bd4 29. Qd1 Bxa1 30. Qd5+ Qf7 31. Qc6 Re2+ 32. Kh3 Qf5+ 33. Kh4
Qg4# 0-1

[Event "AUTO-BEG-589"]
[Site "http://www.queenalice.com/game.php?id=1259946"]
[Date "2014.2.25"]
[Round "2"]
[White "YUDAO"]
[Black "hversatil"]
[Result "1-0"]
[WhiteElo "1759"]
[BlackElo "1598"]

1. e4 e5 2. Nf3 Nc6 3. Bb5 a6 4. Bxc6 bxc6 5. c4 Bc5 6. Nxe5 Nf6 7. Nc3 d6 8.
Nxc6 Qd7 9. Na5 Bb4 10. Nb3 Bxc3 11. bxc3 Qa4 12. d3 O-O 13. O-O Bg4 14. f3 Bh5
15. Bg5 Nd7 16. Bf4 Nf6 17. Bg5 Ne8 18. Be7 Qd7 19. Bxf8 Kxf8 20. a4 Rb8 21. a5
Nf6 22. h3 c5 23. d4 Nxe4 24. Qd3 Ng3 25. Qxh7 Nxf1 26. Qxh5 Rxb3 27. Rxf1 cxd4
28. Re1 Rxc3 29. Qh8# 1-0

[Event "AUTO-OPEN-3085"]
[Site "http://www.queenalice.com/game.php?id=1289413"]
[Date "2014.6.20"]
[Round "2"]
[White "MarTraM"]
[Black "hversatil"]
[Result "1-0"]
[WhiteElo "2422"]
[BlackElo "1573"]

1. d4 d5 2. c4 dxc4 3. Nc3 Nc6 4. Nf3 Bf5 5. e4 Bg4 6. Be3 Bxf3 7. Qxf3 Na5 8.
d5 Nf6 9. Be2 e6 10. O-O exd5 11. exd5 Bb4 12. Bd4 Bxc3 13. Bxc3 b6 14. Bxa5
Nxd5 15. Bxc4 c6 16. Rae1+ Kd7 17. Qxf7+ Kc8 18. Bxd5 bxa5 19. Bxc6 Rb8 20. Re8
Rxe8 21. Qxe8 Qxe8 22. Bxe8 Rxb2 23. Bf7 a4 24. g3 Kd7 25. Rd1+ Ke7 26. Bg8 h5
27. Rd4 Kf8 28. Bd5 a3 29. Ra4 Rd2 30. Bb3 1-0

[Event "AUTO-OPEN-3085"]
[Site "http://www.queenalice.com/game.php?id=1289414"]
[Date "2014.6.20"]
[Round "2"]
[White "hversatil"]
[Black "MarTraM"]
[Result "0-1"]
[WhiteElo "1571"]
[BlackElo "2423"]

1. e4 e5 2. Nf3 Nc6 3. Bc4 d6 4. d3 Bg4 5. O-O Nd4 6. c3 Nxf3+ 7. gxf3 Bh5 8. d4
Qf6 9. dxe5 Qxe5 10. Qd5 Qxd5 11. Bxd5 Bxf3 12. Bxb7 Rb8 13. Bc6+ Kd8 14. Nd2
Ne7 15. Nxf3 Nxc6 16. b4 a5 17. bxa5 Nxa5 18. Ng5 Ke7 19. Re1 h6 20. Nh3 Kd7 21.
Rd1 g5 22. Rd5 Nc4 23. a4 Bg7 24. Rd3 Rb3 25. a5 Bxc3 26. Ra4 Ne5 0-1

[Event "AUTO-INT-2871"]
[Site "http://www.queenalice.com/game.php?id=1289906"]
[Date "2014.6.22"]
[Round "1"]
[White "hversatil"]
[Black "juim"]
[Result "1-0"]
[WhiteElo "1596"]
[BlackElo "1514"]

1. e4 d5 2. exd5 Qxd5 3. Nc3 Qd8 4. d4 Nf6 5. Nf3 e6 6. Bg5 h6 7. Bxf6 Qxf6 8.
Bb5+ Bd7 9. O-O Bb4 10. Bxd7+ Nxd7 11. Nb5 O-O 12. Nxc7 Rac8 13. Nb5 a6 14. Qd3
1-0

[Event "AUTO-INT-2871"]
[Site "http://www.queenalice.com/game.php?id=1289907"]
[Date "2014.6.22"]
[Round "1"]
[White "juim"]
[Black "hversatil"]
[Result "0-1"]
[WhiteElo "1528"]
[BlackElo "1582"]

1. Nc3 Nc6 2. d3 d5 3. g3 d4 4. Ne4 Bf5 5. Bf4 Bxe4 6. dxe4 e5 7. Bd2 Nf6 8. Bh3
Bc5 9. Nf3 Nxe4 10. O-O O-O 11. Bf5 Nd6 12. Bg4 e4 13. Nh4 e3 0-1

[Event "AUTO-INT-2871"]
[Site "http://www.queenalice.com/game.php?id=1289908"]
[Date "2014.6.22"]
[Round "1"]
[White "hversatil"]
[Black "Checker"]
[Result "0-1"]
[WhiteElo "1556"]
[BlackElo "1643"]

1. e4 e5 2. Nf3 d6 3. Bc4 Nf6 4. Ng5 d5 5. exd5 Nxd5 6. d3 f6 7. Bxd5 Qxd5 8.
Ne4 Bf5 9. Ng3 Bg6 10. O-O Bd6 11. c4 Qe6 12. Nc3 O-O 13. Nb5 a6 14. Nc3 c6 15.
Na4 Nd7 16. a3 b5 17. Nc3 Nc5 18. cxb5 axb5 19. Be3 Nxd3 20. b4 e4 21. a4 Bxb4
22. Nce2 bxa4 23. f3 a3 24. Nd4 Qd5 25. fxe4 Bxe4 26. Nc2 Bd6 27. Bc1 Bxg3 0-1

[Event "AUTO-INT-2871"]
[Site "http://www.queenalice.com/game.php?id=1289909"]
[Date "2014.6.22"]
[Round "1"]
[White "Checker"]
[Black "hversatil"]
[Result "1-0"]
[WhiteElo "1656"]
[BlackElo "1543"]

1. e4 e5 2. Nf3 Nc6 3. Bb5 a6 4. Bxc6 dxc6 5. Nxe5 Nf6 6. d4 Nxe4 7. Qe2 Bf5 8.
g4 Be6 9. Qxe4 f6 10. Nd3 Bd6 11. Qxe6+ Be7 12. Be3 Qd5 13. Qxd5 cxd5 14. Nc3
Bb4 15. Nxb4 c6 16. O-O-O a5 17. Nd3 O-O 18. Na4 f5 19. h3 fxg4 20. hxg4 b5 21.
Nb6 Rad8 22. Bd2 a4 23. Nb4 Rxf2 24. Rhe1 Rg2 25. g5 Rb8 26. Nd7 Rd8 27. Re7 Rc8
28. Ne5 c5 29. dxc5 1-0

[Event "AUTO-INT-2871"]
[Site "http://www.queenalice.com/game.php?id=1289910"]
[Date "2014.6.22"]
[Round "1"]
[White "hversatil"]
[Black "sccp1910"]
[Result "0-1"]
[WhiteElo "1595"]
[BlackElo "1674"]

1. e4 e5 2. Nf3 Bc5 3. Nxe5 Nf6 4. Bc4 Nxe4 5. Nxf7 Qe7 6. Qe2 Rf8 7. Qh5 d5 8.
Nd6+ Kd8 9. Nxe4 dxc4 10. Qxh7 Bf5 11. Qh5 Qxe4+ 12. Kd1 Qxc2+ 13. Ke1 Re8+ 14.
Qe2 Qxc1# 0-1

[Event "AUTO-INT-2871"]
[Site "http://www.queenalice.com/game.php?id=1289911"]
[Date "2014.6.22"]
[Round "1"]
[White "sccp1910"]
[Black "hversatil"]
[Result "1-0"]
[WhiteElo "1738"]
[BlackElo "1565"]

1. e4 e5 2. Qf3 Nf6 3. Nh3 Bc5 4. Nc3 d6 5. Bc4 h6 6. Ne2 Bxh3 7. Qxh3 Nxe4 8.
Qf3 Bxf2+ 9. Kd1 d5 10. Bb3 O-O 11. d3 Nf6 12. Qxf2 Ng4 13. Qg3 h5 14. h4 f5 15.
Bg5 Qd6 16. Nc3 f4 17. Qf3 c6 18. Nxd5 cxd5 19. Bxd5+ Kh7 20. Bxb7 Ne3+ 21. Kc1
Qc5 22. c3 1-0

[Event "AUTO-OPEN-3301"]
[Site "http://www.queenalice.com/game.php?id=1299010"]
[Date "2014.8.3"]
[Round "1"]
[White "MSchatz"]
[Black "hversatil"]
[Result "1-0"]
[WhiteElo "2034"]
[BlackElo "1569"]

1. e4 e5 2. Nf3 Nc6 3. Bc4 h6 4. d3 Nf6 5. Be3 Bd6 6. Nc3 O-O 7. O-O Bb4 8. Nd5
Nxd5 9. Bxd5 d6 10. a3 Bc5 11. Bxc5 dxc5 12. Bxc6 bxc6 13. b3 1-0

[Event "AUTO-OPEN-3301"]
[Site "http://www.queenalice.com/game.php?id=1299011"]
[Date "2014.8.3"]
[Round "1"]
[White "hversatil"]
[Black "MSchatz"]
[Result "0-1"]
[WhiteElo "1567"]
[BlackElo "2036"]

1. e4 e5 2. Nf3 Nc6 3. Bc4 Bc5 4. d3 d6 5. Ng5 Nh6 6. Nf3 Bg4 7. h3 Bh5 8. g4
Nxg4 9. Ng5 Bxf2+ 10. Kf1 Ne3+ 11. Kxf2 Nxd1+ 12. Kg3 Nd4 13. Na3 Ne2+ 0-1

[Event "AUTO-OPEN-3301"]
[Site "http://www.queenalice.com/game.php?id=1299032"]
[Date "2014.8.3"]
[Round "1"]
[White "ismaelpereira"]
[Black "hversatil"]
[Result "1-0"]
[WhiteElo "1697"]
[BlackElo "1584"]

1. e4 e5 2. Nf3 Nc6 3. Bc4 Nf6 4. O-O Nxe4 5. d3 Nd6 6. Ng5 Nxc4 7. b3 N4a5 8.
c4 f6 9. Ne4 Nd4 10. Nbc3 Bd6 11. c5 Be7 12. b4 1-0

[Event "AUTO-OPEN-3301"]
[Site "http://www.queenalice.com/game.php?id=1299033"]
[Date "2014.8.3"]
[Round "1"]
[White "hversatil"]
[Black "ismaelpereira"]
[Result "0-1"]
[WhiteElo "1597"]
[BlackElo "1684"]

1. e4 e5 2. Nf3 Nc6 3. Bc4 Nf6 4. Ng5 d5 5. exd5 Nd4 6. d6 cxd6 7. Nxf7 Qe7 8.
Nxh8 d5 9. Bd3 e4 10. Bxe4 dxe4 11. O-O Bg4 0-1